Every Lifesteal SMP Member - Statistics

General Stats
  • This quiz has been taken 1,155 times
    1,072 since last reset
  • The average score is 37 of 73
Answer Stats
Current (Season 6) % Correct
ClownPierce
92%
ashswagg
91%
FlameFrags
91%
ParrotX2
90%
PrinceZam
90%
JumperWho
89%
Wemmbu
89%
SpokeIsHere
87%
TheRealSquiddo
87%
ManePear
85%
Mapicc
83%
MinuteTech
83%
Pangi
83%
rekrap2
83%
Derapchu
81%
Peentar
81%
4CVIT
78%
Leow0ok
78%
baconnwaffles0
77%
hannahxxrose
77%
Reddoons
77%
PlanetLord
73%
Woogiex
73%
BranzyCraft
70%
SB737
69%
yungwillx
69%
MrCube6
68%
Jepexx
66%
roshambogames
64%
jojosolos
63%
JustKaboodle
63%
Yeah_Jaron
63%
Spepticle
59%
Vitalasy
59%
TheTerrain
58%
Vort3xDragon
58%
Midmysticx
57%
Poafa
57%
Dtowncat
55%
ECorridor
54%
CHIEFXD
53%
Wifies
52%
ItzSubz_
47%
Tubbo_
47%
TommyInnit
44%
Block_Facts
37%
McClutchYT
35%
DonTurnt
31%
Evbo_
29%
Feinberg
27%
CaptainSparklez
26%
DrDonutt
24%
ItsOasis
21%
Wallibear
18%
CakeManExtreme
17%
Adrienss
16%
MinecraftCurios
16%
MylesYoutube
16%
Ohspy
16%
Havenhand
15%
Sponker
15%
Bormethius
14%
Guiltyy
14%
Guvoid
13%
TheHorizonMC
13%
Camdeeno
12%
CntBleck
12%
McBirken
12%
SubParTyson
12%
m0ri_ri
11%
Maxa999
11%
savrise
11%
Unfounded
11%
No matching quizzes found
Score Distribution
Percent of People with Each Score
Percentile by Number Answered
Your Score History
You have not taken this quiz since the last reset